| 000 | 00705nam a2200229 u 4500 | ||
|---|---|---|---|
| 005 | 20240228064121.0 | ||
| 008 | 131009s2010 es r 000 0 spa d | ||
| 020 | _a9788493679651 | ||
| 035 | _aUPN01000193620 | ||
| 049 | _aI | ||
| 050 | 4 |
_aPZ73 _bA8.2 2010 |
|
| 100 | 1 |
_aAtxaga, Bernardo, _d1951- _927972 |
|
| 245 | 1 | 0 |
_aAlfabeto sobre la literatura infantil / _cBernardo Atxaga ; il. Alejandra Hidalgo. |
| 250 | _a2a ed. | ||
| 260 |
_aMadrid : _bMedia Vaca, _c2010. |
||
| 300 |
_a94 p. : _bil. col. |
||
| 440 | 0 |
_aMedia vaca ; _v4. _pLibros para niños |
|
| 650 | 4 |
_aLibros y lectura para niños _92290 |
|
| 650 | 4 |
_aLiteratura infantil española _95892 |
|
| 905 | _aInfantil | ||
| 999 |
_c165721 _d165721 |
||